000
00316nam a22001337a 4500
008
170614b xxu||||| |||| 00| 0 eng d
020
_a
9780534574413
041
_a
eng
080
_a
329
100
_a
19
101
_a
SHP
245
_a
POLITICS PARTIES AND ELECTIONS IN AMERICA
_c
BIBBY.J.F
942
_2
udc
_c
BK
999
_c
17253
_d
17253